000 00325nam a2200109Ia 4500
008 171211s9999 xx 000 0 und d
245 4 _aThe Front Line Guide to Creating a Winning Management Style
245 _cWoodrow Sears
260 _c2007
650 _xBUSINESS
856 _uhttp://down.ebook777.com/063/9780874259377.pdf
999 _c349467
_d349467